000 03367nam a22003977a 4500
005 20090102122541.0
010 _a B-349662-666 B-435623-627
020 _c20.00
_a9788184790009
035 _a B-349662-666
035 _aB-435623-627
037 _bप्रथम बुक्स
082 _a
100 _aपाणंदीकर, सुरेखा
_931646
245 _aधोबन ने धोए राक्षस /
_cसुरेखा पाणंदीकर
_b
246 _a
_b
260 _aनई दिल्ली
_bप्रथम बुक्स
_c2008
270 _aबी-3/4, प्रथम तल, सफदरज़ंग एन्क्लेव
_bनई दिल्ली
_e110 029
_k011-65684113
_l
_mwww.prathambooks.org
300 _a16पृ.;
_c25सेमी (अजिल्द)
_bसचित्र
490 _a
_931647
500 _a
700 _aसिंह, ऋतु
_931648
710 _aजोशी, मधुबाला
_931649
942 _2ddc
_cCH
_mपाणंदी
_h
999 _c21969
_d21969